[Event "FRA-chT Top 16 Haute"]
[Site "Belfort"]
[Date "2025.06.01"]
[Round "4.2"]
[White "Lupulescu, Constantin"]
[Black "Lamard, Guillaume"]
[Result "1-0"]
[WhiteElo "2574"]
[BlackElo "2500"]
[PlyCount "69"]
[EventDate "2025.05.29"]
[EventType "team-tourn"]
[EventRounds "4"]
[EventCountry "FRA"]
[SourceTitle "CB23_2025"]
[SourceDate "2025.06.04"]
[SourceVersion "1"]
[SourceVersionDate "2025.06.04"]
[SourceQuality "1"]
[WhiteTeam "Grasse Echecs"]
[BlackTeam "Cannes"]
[WhiteTeamCountry "FRA"]
[BlackTeamCountry "FRA"]

1. c4 c6 2. Nf3 d5 3. d4 Nf6 4. e3 Bf5 5. Nc3 e6 6. Nh4 Bg6 7. Qb3 Qc7 8. Nxg6 hxg6 9. Bd2 Nbd7 10. cxd5 exd5 11. g3 Be7 12. Bg2 g5 13. e4 Nxe4 14. Nxe4 dxe4 15. Bxe4 Bf6 16. 0-0 0-0-0 17. Qxf7 Bxd4 18. Bxg5 Rdf8 19. Qe6 Kb8 20. Rad1 Nc5 21. Qg4 Bxb2 22. Bg2 Ka8 23. Be3 Ba3 24. Qd4 Qe7 25. h4 Rd8 26. Qc3 Ne6 27. Bxc6 Rc8 28. Bxb7+ Kxb7 29. Qb3+ Kc7 30. Rfe1 Rhd8 31. Bf4+ Nxf4 32. Rxe7+ Bxe7 33. Qc4+ Kb7 34. Rb1+ Ka8 35. Qxf4 1-0

[Event "FRA-chT Top 16 GpB"]
[Site "Belfort"]
[Date "2025.05.25"]
[Round "4.3"]
[White "Lupulescu, Constantin"]
[Black "Ernst, Luca"]
[Result "1-0"]
[WhiteElo "2574"]
[BlackElo "2222"]
[PlyCount "79"]
[EventDate "2025.05.22"]
[EventType "team-tourn"]
[EventRounds "7"]
[EventCountry "FRA"]
[SourceTitle "CB22_2025"]
[SourceDate "2025.05.28"]
[SourceVersion "1"]
[SourceVersionDate "2025.05.28"]
[SourceQuality "1"]
[WhiteTeam "Grasse Echecs"]
[BlackTeam "Bischwiller"]
[WhiteTeamCountry "FRA"]
[BlackTeamCountry "FRA"]

1. e4 c5 2. Nf3 e6 3. Be2 Nc6 4. 0-0 Nf6 5. Nc3 d6 6. d4 cxd4 7. Nxd4 Be7 8. Nxc6 bxc6 9. Qd3 e5 10. Kh1 0-0 11. f4 Nd7 12. Na4 Kh8 13. c4 exf4 14. Bxf4 Ne5 15. Qd2 Ba6 16. b3 Ng6 17. Bg3 d5 18. Rad1 dxc4 19. Qc3 Qe8 20. Bxc4 Bxc4 21. Qxc4 Bf6 22. Bd6 Rg8 23. Nc5 Rd8 24. Nb7 Rd7 25. Nc5 Rd8 26. h3 Be5 27. Nb7 Rd7 28. Qxc6 Qe6 29. Qd5 Rxb7 30. Bxe5 Re7 31. Qxe6 Rxe6 32. Bd4 f6 33. Bxa7 Ra6 34. Bd4 Rxa2 35. Rxf6 Re2 36. Rf7 Rxe4 37. Bc3 Ne5 38. Rc7 h6 39. b4 Kh7 40. b5 1-0

[Event "FRA-chT Top 16 GpB"]
[Site "Belfort"]
[Date "2025.05.24"]
[Round "3.2"]
[White "Lupulescu, Constantin"]
[Black "Santos Latasa, Jaime"]
[Result "1/2-1/2"]
[WhiteElo "2574"]
[BlackElo "2620"]
[PlyCount "42"]
[EventDate "2025.05.22"]
[EventType "team-tourn"]
[EventRounds "7"]
[EventCountry "FRA"]
[SourceTitle "CB22_2025"]
[SourceDate "2025.05.28"]
[SourceVersion "1"]
[SourceVersionDate "2025.05.28"]
[SourceQuality "1"]
[WhiteTeam "Grasse Echecs"]
[BlackTeam "Marseille"]
[WhiteTeamCountry "FRA"]
[BlackTeamCountry "FRA"]

1. d4 Nf6 2. c4 e6 3. Nc3 Bb4 4. Qc2 d5 5. a3 Bxc3+ 6. Qxc3 0-0 7. Nf3 b6 8. Bg5 dxc4 9. Qxc4 Ba6 10. Qa4 h6 11. Bh4 c5 12. dxc5 bxc5 13. Rd1 Qb6 14. Bxf6 gxf6 15. e3 Bxf1 16. Kxf1 Nc6 17. Rb1 Rad8 18. Ke2 Rd5 19. Rhc1 Rb8 20. b4 Ne5 21. Nxe5 Rxe5 1/2-1/2

[Event "FRA-chT Top 16 GpB"]
[Site "Belfort"]
[Date "2025.05.23"]
[Round "2.2"]
[White "Korobov, Anton"]
[Black "Lupulescu, Constantin"]
[Result "1-0"]
[WhiteElo "2631"]
[BlackElo "2574"]
[PlyCount "115"]
[EventDate "2025.05.22"]
[EventType "team-tourn"]
[EventRounds "7"]
[EventCountry "FRA"]
[SourceTitle "CB22_2025"]
[SourceDate "2025.05.28"]
[SourceVersion "1"]
[SourceVersionDate "2025.05.28"]
[SourceQuality "1"]
[WhiteTeam "Chalon"]
[BlackTeam "Grasse Echecs"]
[WhiteTeamCountry "FRA"]
[BlackTeamCountry "FRA"]

1. e4 e6 2. d4 d5 3. e5 c5 4. c3 Nc6 5. Nf3 Qb6 6. a3 Nh6 7. b4 cxd4 8. cxd4 Nf5 9. Bb2 Bd7 10. Be2 Be7 11. 0-0 Rc8 12. Qd2 0-0 13. Rd1 f6 14. Nc3 fxe5 15. dxe5 Be8 16. Rac1 Qd8 17. Qe1 Bg6 18. Ne4 dxe4 19. Rxd8 Rcxd8 20. Nd2 Bg5 21. Nxe4 Bxc1 22. Bxc1 Nfd4 23. Bd1 Nxe5 24. Nc5 Nd3 25. Nxd3 Bxd3 26. Bb2 e5 27. h4 Nc6 28. Bf3 e4 29. Bxe4 Bxe4 30. Qxe4 Rde8 31. Qd5+ Rf7 32. b5 Nd8 33. f4 b6 34. f5 Kf8 35. h5 h6 36. Qd6+ Kg8 37. f6 gxf6 38. Bxf6 Ne6 39. Qc6 Nc7 40. Bc3 Re6 41. Qb7 Ne8 42. Qc8 Ree7 43. a4 Rf4 44. Qc6 Ng7 45. Qxh6 Rg4 46. Qd2 Kh7 47. Qd3+ Ree4 48. Qd7 Rxa4 49. Be5 Kh6 50. Bc3 Kh7 51. Qf7 Rg3 52. Be5 Rg5 53. Bf6 Rgg4 54. Kh2 Raf4 55. Qd7 Rf5 56. Kh3 Rxf6 57. Kxg4 Rh6 58. Qxa7 1-0

[Event "Bucharest ROM GP"]
[Site "Bucharest"]
[Date "2025.05.11"]
[Round "10"]
[White "Filev, Georgi"]
[Black "Lupulescu, Constantin"]
[Result "0-1"]
[WhiteElo "2189"]
[BlackElo "2574"]
[PlyCount "68"]
[EventDate "2025.05.10"]
[EventType "swiss"]
[EventRounds "10"]
[EventCountry "ROU"]
[SourceTitle "CB20_2025"]
[SourceDate "2025.05.14"]
[SourceVersion "1"]
[SourceVersionDate "2025.05.14"]
[SourceQuality "1"]

1. e4 c5 2. Nf3 Nc6 3. Bb5 e6 4. 0-0 Nge7 5. d4 cxd4 6. Nxd4 Qb6 7. Nxc6 bxc6 8. Bd3 Ng6 9. Kh1 Be7 10. f4 d5 11. c4 dxe4 12. Bxe4 0-0 13. Nc3 Bb7 14. Qe2 c5 15. Na4 Qc7 16. Bxb7 Qxb7 17. Be3 Rac8 18. Rad1 Nh4 19. Qf2 Qc6 20. b3 Nf5 21. Bd2 Bf6 22. Bc3 Bd4 23. Bxd4 cxd4 24. Rfe1 f6 25. Qe2 e5 26. fxe5 fxe5 27. Qe4 Ne3 28. Qxc6 Rxc6 29. Rd2 Rcf6 30. h3 Rf1+ 31. Rxf1 Rxf1+ 32. Kh2 Rc1 33. Rd3 Rc2 34. Kg3 e4 0-1

[Event "Bucharest ROM GP"]
[Site "Bucharest"]
[Date "2025.05.11"]
[Round "5"]
[White "Lupulescu, Constantin"]
[Black "Sanduleac, Vasile"]
[Result "1/2-1/2"]
[WhiteElo "2574"]
[BlackElo "2340"]
[PlyCount "69"]
[EventDate "2025.05.10"]
[EventType "swiss"]
[EventRounds "10"]
[EventCountry "ROU"]
[SourceTitle "CB20_2025"]
[SourceDate "2025.05.14"]
[SourceVersion "1"]
[SourceVersionDate "2025.05.14"]
[SourceQuality "1"]

1. d4 d6 2. Nf3 Bg4 3. e4 c6 4. h3 Bh5 5. Bd3 Nd7 6. 0-0 e5 7. c3 Be7 8. Nbd2 Ngf6 9. Re1 0-0 10. Nf1 Re8 11. Ng3 Bg6 12. Bc2 Bf8 13. Nh4 Qc7 14. Nxg6 hxg6 15. Bb3 c5 16. Bg5 a6 17. Qd2 c4 18. Bc2 b5 19. Rad1 Be7 20. Be3 Bf8 21. f4 Be7 22. f5 Nf8 23. fxg6 Nxg6 24. Nf5 Bf8 25. Qf2 exd4 26. Bxd4 Ne5 27. Re3 g6 28. Rg3 Bg7 29. Nxg7 Kxg7 30. Rf1 Re6 31. Re3 Qe7 32. b3 Nfd7 33. bxc4 bxc4 34. Ba4 f6 35. Bxd7 1/2-1/2

[Event "Bucharest ROM GP"]
[Site "Bucharest"]
[Date "2025.05.11"]
[Round "9"]
[White "Lupulescu, Constantin"]
[Black "Stoleriu, George"]
[Result "1/2-1/2"]
[WhiteElo "2574"]
[BlackElo "2392"]
[PlyCount "91"]
[EventDate "2025.05.10"]
[EventType "swiss"]
[EventRounds "10"]
[EventCountry "ROU"]
[SourceTitle "CB20_2025"]
[SourceDate "2025.05.14"]
[SourceVersion "1"]
[SourceVersionDate "2025.05.14"]
[SourceQuality "1"]

1. d4 e6 2. c4 b6 3. Nf3 Bb7 4. Bf4 Nf6 5. e3 d6 6. h3 Nbd7 7. Nc3 g6 8. Be2 Bg7 9. Qc2 0-0 10. 0-0 h6 11. e4 e5 12. dxe5 Nh5 13. Be3 dxe5 14. Rfd1 Qc8 15. b4 Nf4 16. c5 Nxe2+ 17. Qxe2 bxc5 18. bxc5 Nf6 19. Qc4 Qe8 20. Nd5 Bxd5 21. exd5 e4 22. Nd4 Nd7 23. Qc2 f5 24. Ne6 Bxa1 25. Rxa1 Rf6 26. Bxh6 Rxe6 27. dxe6 Qxe6 28. Bf4 Rc8 29. Rd1 Nf6 30. Qb3 Qxb3 31. axb3 Kf7 32. Be5 Ke6 33. Bxf6 Kxf6 34. Rd7 a5 35. g3 Rb8 36. Rxc7 Rxb3 37. Ra7 Rb5 38. c6 Rc5 39. c7 a4 40. h4 a3 41. Ra6+ Kf7 42. Ra7 Kf6 43. Kg2 a2 44. Rxa2 Rxc7 45. Ra6+ Kf7 46. Rb6 1/2-1/2

[Event "Bucharest ROM GP"]
[Site "Bucharest"]
[Date "2025.05.10"]
[Round "1"]
[White "Lupulescu, Constantin"]
[Black "Mihalea, Maria Ioana"]
[Result "1-0"]
[WhiteElo "2574"]
[BlackElo "1727"]
[PlyCount "89"]
[EventDate "2025.05.10"]
[EventType "swiss"]
[EventRounds "10"]
[EventCountry "ROU"]
[SourceTitle "CB20_2025"]
[SourceDate "2025.05.14"]
[SourceVersion "1"]
[SourceVersionDate "2025.05.14"]
[SourceQuality "1"]

1. d4 Nf6 2. c4 c6 3. Nf3 d5 4. e3 g6 5. Nc3 Bg7 6. Be2 Nbd7 7. 0-0 0-0 8. b3 Qc7 9. Bb2 dxc4 10. bxc4 e5 11. a4 Re8 12. h3 b6 13. Qc2 exd4 14. exd4 Ba6 15. Rfe1 Nh5 16. Bf1 Nf4 17. Rad1 Nf6 18. Ne4 Rad8 19. Nxf6+ Bxf6 20. Rxe8+ Rxe8 21. g3 Nh5 22. Kg2 Bc8 23. Qd2 Bg7 24. d5 Nf6 25. Be5 Qd7 26. Kg1 Ne4 27. Qd4 f6 28. Qxe4 fxe5 29. Rd2 c5 30. a5 Qd6 31. axb6 axb6 32. Nh4 Bh6 33. Ra2 Qf6 34. Kg2 g5 35. Nf3 Bf5 36. Qe2 e4 37. Nh2 Qe5 38. Ng4 Bxg4 39. Qxg4 e3 40. fxe3 Bg7 41. Bd3 h6 42. Qh5 Rd8 43. Qg6 Qf6 44. Qh7+ Kf8 45. Rf2 1-0

[Event "EU-ch 25th"]
[Site "Eforie Nord"]
[Date "2025.03.20"]
[Round "6"]
[White "Lupulescu, Constantin"]
[Black "Kochavi, Dana"]
[Result "1-0"]
[WhiteElo "2596"]
[BlackElo "2301"]
[PlyCount "115"]
[EventDate "2025.03.15"]
[EventType "swiss"]
[EventRounds "11"]
[EventCountry "ROU"]
[SourceTitle "CB13_2025"]
[SourceDate "2025.03.26"]
[SourceVersion "1"]
[SourceVersionDate "2025.03.26"]
[SourceQuality "1"]

1. d4 Nf6 2. c4 g6 3. Nc3 Bg7 4. e4 d6 5. h3 Nbd7 6. Be3 e5 7. d5 h5 8. Nf3 a5 9. Be2 Nc5 10. Qc2 0-0 11. 0-0 Nh7 12. Nd2 Qh4 13. Rae1 Bd7 14. f4 exf4 15. Nf3 Qf6 16. Bxc5 dxc5 17. e5 Qb6 18. Bd3 f5 19. Ne2 c6 20. e6 Be8 21. d6 Rf6 22. d7 Bxd7 23. exd7 Qc7 24. Rd1 Rd8 25. Qd2 Bh6 26. Bc2 Nf8 27. Qc3 Re6 28. Rfe1 Bg7 29. Qa3 b6 30. Nc1 Rxe1+ 31. Rxe1 Rxd7 32. Nd3 Qd6 33. b3 Ne6 34. Qc1 Nd4 35. Nxd4 Bxd4+ 36. Kf1 f3 37. Qg5 Bc3 38. Rd1 Qh2 39. Qxg6+ Kf8 40. Nf2 Rxd1+ 41. Bxd1 fxg2+ 42. Qxg2 Qf4 43. Qf3 Qe5 44. Nd3 Qf6 45. Qxh5 Bd4 46. Bc2 Be3 47. Ne1 Bg5 48. h4 Bxh4 49. Qxf5 Ke7 50. Qxf6+ Bxf6 51. Be4 Kd6 52. a4 Ke5 53. Bxc6 Kd4 54. Ke2 Kc3 55. Ke3 Kxb3 56. Bb5 Kc3 57. Ke4 Bg7 58. Nd3 1-0

[Event "EU-ch 25th"]
[Site "Eforie Nord"]
[Date "2025.03.18"]
[Round "4"]
[White "Lupulescu, Constantin"]
[Black "Boder, Jan"]
[Result "1/2-1/2"]
[WhiteElo "2596"]
[BlackElo "2317"]
[PlyCount "108"]
[EventDate "2025.03.15"]
[EventType "swiss"]
[EventRounds "11"]
[EventCountry "ROU"]
[SourceTitle "CB13_2025"]
[SourceDate "2025.03.26"]
[SourceVersion "1"]
[SourceVersionDate "2025.03.26"]
[SourceQuality "1"]

1. e4 e5 2. Nf3 Nc6 3. Bc4 Nf6 4. d3 h6 5. c3 d6 6. a4 g6 7. Qb3 Qe7 8. a5 Bg7 9. 0-0 0-0 10. Re1 Kh7 11. h3 Nh5 12. Bd5 Nd8 13. d4 c6 14. Bc4 Ne6 15. Qa3 Ng5 16. Be2 Nxf3+ 17. Bxf3 Nf6 18. Be3 Qc7 19. Nd2 Be6 20. dxe5 dxe5 21. Bd1 Rfd8 22. Bb3 Bxb3 23. Qxb3 Ne8 24. Nc4 Nd6 25. Nxd6 Rxd6 26. Red1 Bf8 27. Rxd6 Bxd6 28. Rd1 Kg7 29. Qa4 Be7 30. b4 Bg5 31. Bc5 Be7 32. Be3 Bg5 33. Bxg5 hxg5 34. a6 b5 35. Qa5 Qc8 36. c4 g4 37. h4 Rb8 38. c5 g3 39. fxg3 Qg4 40. Rf1 Qxg3 41. Qc7 Rf8 42. Rf2 Qxh4 43. Qxe5+ Kg8 44. Rf3 f6 45. Qe6+ Kg7 46. g3 Qg5 47. Qxc6 Qc1+ 48. Kg2 Qd2+ 49. Rf2 Qxb4 50. e5 f5 51. e6 Qe1 52. g4 f4 53. Qd7+ Kg8 54. Qd4 Qxe6 1/2-1/2

[Event "Catalunya-chT Gp1 Title"]
[Site "Barcelona"]
[Date "2025.03.08"]
[Round "3.1"]
[White "Cuartas, Jaime Alexander"]
[Black "Lupulescu, Constantin"]
[Result "0-1"]
[WhiteElo "2522"]
[BlackElo "2596"]
[PlyCount "180"]
[EventDate "2025.02.22"]
[EventType "team-k.o."]
[EventRounds "4"]
[EventCountry "ESP"]
[SourceTitle "CB14_2025"]
[SourceDate "2024.11.01"]
[SourceVersion "1"]
[SourceVersionDate "2024.11.01"]
[SourceQuality "1"]
[WhiteTeam "Barbera"]
[BlackTeam "Colon Sabadell"]
[WhiteTeamCountry "ESP"]
[BlackTeamCountry "ESP"]

1. d4 Nf6 2. Bg5 d5 3. e3 e6 4. Nf3 h6 5. Bxf6 Qxf6 6. Nbd2 Nd7 7. e4 Qd8 8. Bd3 Be7 9. 0-0 dxe4 10. Nxe4 0-0 11. c3 b6 12. Qe2 Bb7 13. Rad1 Qc8 14. Rfe1 Rd8 15. Ne5 Nxe5 16. dxe5 Rd5 17. Ng3 g6 18. Qg4 Qf8 19. c4 Rdd8 20. h4 Qg7 21. h5 gxh5 22. Qxg7+ Kxg7 23. Nxh5+ Kf8 24. f4 Rd4 25. Be2 Rad8 26. Rxd4 Rxd4 27. Rd1 Bc5 28. Kh2 Be4 29. Nf6 Bc2 30. Rxd4 Bxd4 31. b3 Bb1 32. a3 Bb2 33. b4 a5 34. c5 Bxa3 35. cxb6 cxb6 36. bxa5 bxa5 37. Bd1 Bc1 38. g3 Kg7 39. Kh3 Ba3 40. Ba4 Be7 41. Nh5+ Kf8 42. g4 Be4 43. Kg3 Bb4 44. Nf6 Be1+ 45. Kh3 Bb7 46. Bb5 Bf3 47. Ba4 Bf2 48. Kh2 Be3 49. Kg3 Be2 50. f5 exf5 51. gxf5 h5 52. Nd5 Bg5 53. f6 h4+ 54. Kf2 Bc4 55. Nb6 Be6 56. Nd7+ Kg8 57. Nc5 Bf4 58. Nd3 Bg3+ 59. Kf3 Kh7 60. Bc6 Bf5 61. Nf4 Bxf4 62. Kxf4 Kg6 63. Ba4 h3 64. Kg3 Be6 65. Bc2+ Kg5 66. Ba4 Kf5 67. Kxh3 Kxe5+ 68. Kg3 Kxf6 69. Kf4 Ke7 70. Ke3 Bd7 71. Bc2 a4 72. Kd2 a3 73. Kc3 Be6 74. Bh7 Kd6 75. Be4 Ke5 76. Bd3 Bd5 77. Bc2 Be4 78. Ba4 f5 79. Kb3 f4 80. Kxa3 f3 81. Bd1 f2 82. Be2 Kd4 83. Bf1 Kc3 84. Ka4 Bd3 85. Bg2 Kd2 86. Kb4 Ke1 87. Kc3 Bf1 88. Bc6 Bh3 89. Bb5 Bg4 90. Kd4 Be2 0-1

[Event "ROM-ch"]
[Site "Craiova"]
[Date "2025.02.18"]
[Round "4"]
[White "Lupulescu, Constantin"]
[Black "Cnejev, Vladimir Alexandru"]
[Result "1/2-1/2"]
[WhiteElo "2603"]
[BlackElo "2300"]
[PlyCount "105"]
[EventDate "2025.02.15"]
[EventType "swiss"]
[EventRounds "9"]
[EventCountry "ROU"]
[SourceTitle "CB09_2025"]
[SourceDate "2025.02.27"]
[SourceVersion "1"]
[SourceVersionDate "2025.02.27"]
[SourceQuality "1"]

1. d4 d5 2. c4 e6 3. Nc3 Be7 4. Nf3 Nf6 5. Bf4 0-0 6. e3 c5 7. dxc5 Bxc5 8. Qc2 Nc6 9. Rd1 Re8 10. cxd5 exd5 11. Be2 Be6 12. 0-0 Rc8 13. a3 h6 14. h3 Qe7 15. Na4 Bd6 16. Bxd6 Qxd6 17. Qb1 Ne5 18. Nc3 Nc4 19. Bxc4 Rxc4 20. Rd4 Rxd4 21. Nxd4 Qe5 22. Qd3 a6 23. Nde2 Rc8 24. Qd4 Qxd4 25. Nxd4 Kf8 26. Rd1 Ke7 27. Nde2 Rc5 28. f3 a5 29. Kf2 g6 30. g4 Nd7 31. Rd4 Nb6 32. b3 Na8 33. Ke1 Nc7 34. Kd2 Rc6 35. Nf4 Rd6 36. Nd3 Rd8 37. b4 Ra8 38. a4 b6 39. Nf4 Rd8 40. Nfe2 Rh8 41. Ke1 h5 42. Nf4 hxg4 43. hxg4 Rh1+ 44. Kf2 Ra1 45. bxa5 bxa5 46. Rd2 Ra3 47. Ncxd5+ Bxd5 48. Nxd5+ Nxd5 49. Rxd5 Rxa4 50. e4 Ra1 51. Kg3 a4 52. Ra5 a3 53. g5 1/2-1/2

[Event "Alba Iulia Final ROM GP KO 9-16"]
[Site "Alba Iulia"]
[Date "2024.11.26"]
[Round "3.2"]
[White "Lupulescu, Constantin"]
[Black "Manolache, Marius"]
[Result "0-1"]
[WhiteElo "2591"]
[BlackElo "2407"]
[PlyCount "118"]
[EventDate "2024.11.26"]
[EventType "k.o. (rapid)"]
[EventRounds "3"]
[EventCountry "ROU"]
[SourceTitle "CB49_2024"]
[SourceDate "2024.12.04"]
[SourceVersion "1"]
[SourceVersionDate "2024.12.04"]
[SourceQuality "1"]

1. d4 Nf6 2. c4 d6 3. Nf3 c6 4. Nc3 Bf5 5. Nh4 Bc8 6. e4 e5 7. Nf3 Bg4 8. Be2 Nbd7 9. 0-0 Be7 10. Be3 0-0 11. d5 cxd5 12. cxd5 a6 13. a4 Rc8 14. a5 Rxc3 15. bxc3 Nxe4 16. Ra3 Qc7 17. c4 Rc8 18. Qb1 Nef6 19. Re1 Bh5 20. Nd2 Bg6 21. Qb4 h6 22. Rb3 Rb8 23. h3 Bd8 24. Ra1 Kh7 25. Bd3 e4 26. Be2 Nc5 27. Rbb1 Qe7 28. Nb3 Nfd7 29. Nxc5 Nxc5 30. Qc3 Bc7 31. Ra2 Qd8 32. Bd4 e3 33. Rba1 exf2+ 34. Bxf2 Ne4 35. Qf3 Nxf2 36. Qxf2 b6 37. Qf3 bxa5 38. Bd3 Bb6+ 39. Kh1 Bd4 40. Rd1 Bc5 41. Bxg6+ fxg6 42. Qf7 Qb6 43. Re2 Rb7 44. Qf8 Rb8 45. Re8 Rxe8 46. Qxe8 Qb3 47. Qe2 a4 48. h4 h5 49. Kh2 a3 50. g4 hxg4 51. Qxg4 Qc2+ 52. Kh1 a2 53. h5 g5 54. h6 Kxh6 55. Re1 Qg6 56. Kg2 Qc2+ 57. Kh1 Qg6 58. Ra1 Qb1+ 59. Qd1 Qxd1+ 0-1

[Event "Alba Iulia Final ROM GP KO 9-16"]
[Site "Alba Iulia"]
[Date "2024.11.26"]
[Round "3.1"]
[White "Manolache, Marius"]
[Black "Lupulescu, Constantin"]
[Result "1-0"]
[WhiteElo "2407"]
[BlackElo "2591"]
[PlyCount "99"]
[EventDate "2024.11.26"]
[EventType "k.o. (rapid)"]
[EventRounds "3"]
[EventCountry "ROU"]
[SourceTitle "CB49_2024"]
[SourceDate "2024.12.04"]
[SourceVersion "1"]
[SourceVersionDate "2024.12.04"]
[SourceQuality "1"]

1. d4 Nf6 2. Nf3 d5 3. c4 e6 4. e3 Be7 5. Nc3 0-0 6. cxd5 exd5 7. Bd3 Nbd7 8. 0-0 c6 9. h3 Bd6 10. Re1 Re8 11. Qc2 Nf8 12. Rb1 Bd7 13. Bd2 h6 14. b4 Rc8 15. Na4 Rc7 16. Nc5 Bc8 17. a4 Qe7 18. Bc3 Ne4 19. Bxe4 dxe4 20. Ne5 Bf5 21. f4 f6 22. Nc4 b6 23. Na6 Rcc8 24. Qe2 Be6 25. Rec1 Nd7 26. Be1 Kh8 27. Bg3 Nb8 28. Nxd6 Qxd6 29. Nxb8 Qxb8 30. b5 cxb5 31. Qxb5 Rxc1+ 32. Rxc1 Rc8 33. Rxc8+ Qxc8 34. d5 Bd7 35. Qb4 Qc1+ 36. Kh2 Qxe3 37. Qe7 Bxa4 38. Qxa7 Bb5 39. f5 Qd4 40. Bc7 Qxd5 41. Qxb6 Qxf5 42. Bd6 Kh7 43. Qc7 e3 44. Bf8 Bd7 45. Qg3 g5 46. Qxe3 Kg8 47. Bd6 Be6 48. Qb6 Bc8 49. Qd8+ Kf7 50. Qf8+ 1-0

[Event "Alba Iulia Final ROM GP Gp-D"]
[Site "Alba Iulia"]
[Date "2024.11.25"]
[Round "3"]
[White "Lupulescu, Constantin"]
[Black "Nisipeanu, Liviu Dieter"]
[Result "1/2-1/2"]
[WhiteElo "2591"]
[BlackElo "2596"]
[PlyCount "27"]
[EventDate "2024.11.25"]
[EventType "tourn (rapid)"]
[EventRounds "6"]
[EventCountry "ROU"]
[EventCategory "12"]
[SourceTitle "CB49_2024"]
[SourceDate "2024.12.04"]
[SourceVersion "1"]
[SourceVersionDate "2024.12.04"]
[SourceQuality "1"]

1. d4 Nf6 2. c4 e6 3. Nf3 b6 4. a3 Ba6 5. e3 d5 6. Nbd2 Be7 7. b3 0-0 8. Bb2 Nbd7 9. Be2 c5 10. 0-0 Rc8 11. cxd5 Bxe2 12. Qxe2 Nxd5 13. Rac1 Rc7 14. h3 1/2-1/2

[Event "Alba Iulia Final ROM GP Gp-D"]
[Site "Alba Iulia"]
[Date "2024.11.25"]
[Round "1"]
[White "Santos Latasa, Jaime"]
[Black "Lupulescu, Constantin"]
[Result "1/2-1/2"]
[WhiteElo "2630"]
[BlackElo "2591"]
[PlyCount "66"]
[EventDate "2024.11.25"]
[EventType "tourn (rapid)"]
[EventRounds "6"]
[EventCountry "ROU"]
[EventCategory "12"]
[SourceTitle "CB49_2024"]
[SourceDate "2024.12.04"]
[SourceVersion "1"]
[SourceVersionDate "2024.12.04"]
[SourceQuality "1"]

1. e4 c5 2. Nf3 Nc6 3. Nc3 Nf6 4. Bb5 g6 5. d3 Bg7 6. e5 Ng4 7. Bxc6 bxc6 8. Qe2 f6 9. e6 d5 10. Bf4 0-0 11. 0-0 c4 12. d4 f5 13. Ne5 Nxe5 14. Bxe5 Bxe5 15. Qxe5 Rf6 16. Na4 Rxe6 17. Qf4 Re4 18. Qd2 e5 19. dxe5 Rxe5 20. Rfe1 Rxe1+ 21. Rxe1 Qf8 22. Qa5 Bd7 23. Nc5 Qd6 24. Nb7 Qf8 25. Nc5 Qd6 26. h3 f4 27. Nb7 Qf6 28. Qc7 Re8 29. Rxe8+ Bxe8 30. Qb8 Qe7 31. Nd6 Kf8 32. Nxe8 Qxe8 33. Qxf4+ Kg8 1/2-1/2

[Event "ROM-chT"]
[Site "Mamaia"]
[Date "2024.10.04"]
[Round "7.2"]
[White "Lupulescu, Constantin"]
[Black "Stoyanov, Tsvetan"]
[Result "1-0"]
[WhiteElo "2590"]
[BlackElo "2471"]
[PlyCount "85"]
[EventDate "2024.09.28"]
[EventType "team-tourn"]
[EventRounds "9"]
[EventCountry "ROU"]
[SourceTitle "EXT 2025"]
[Source "ChessBase"]
[SourceDate "2024.10.14"]
[SourceVersion "1"]
[SourceVersionDate "2024.10.14"]
[SourceQuality "1"]
[WhiteTeam "Bucuresti ASE"]
[BlackTeam "Galati Smart"]
[WhiteTeamCountry "ROU"]
[BlackTeamCountry "ROU"]

1. e4 e5 2. Nf3 Nf6 3. d4 Nxe4 4. Bd3 d5 5. Nxe5 Nd7 6. 0-0 Nxe5 7. dxe5 Nc5 8. Be3 c6 9. f4 g6 10. Be2 Ne4 11. c4 Be6 12. cxd5 Qxd5 13. Qxd5 Bxd5 14. Bf3 f5 15. Rd1 Bc4 16. Nc3 Bc5 17. Bxc5 Nxc5 18. b3 Ba6 19. b4 Ne6 20. a4 Bc4 21. b5 Rc8 22. bxc6 bxc6 23. Rab1 Nd8 24. a5 Rf8 25. Na4 Rf7 26. Nc5 Re7 27. Rd6 Bd5 28. Bxd5 cxd5 29. Rxd5 Ne6 30. Nxe6 Rxe6 31. Rb7 Rc1+ 32. Kf2 Rc2+ 33. Ke3 Re7 34. Rdb5 a6 35. Rxe7+ Kxe7 36. Rb7+ Ke8 37. Rb6 Rxg2 38. Rxa6 Rxh2 39. Ra8+ Kf7 40. a6 Ra2 41. a7 Kg7 42. e6 Ra6 43. Kd4 1-0

[Event "ROM-chT"]
[Site "Mamaia"]
[Date "2024.10.02"]
[Round "5.2"]
[White "Lupulescu, Constantin"]
[Black "Aryan, Chopra"]
[Result "1-0"]
[WhiteElo "2590"]
[BlackElo "2620"]
[PlyCount "119"]
[EventDate "2024.09.28"]
[EventType "team-tourn"]
[EventRounds "9"]
[EventCountry "ROU"]
[SourceTitle "EXT 2025"]
[Source "ChessBase"]
[SourceDate "2024.10.14"]
[SourceVersion "1"]
[SourceVersionDate "2024.10.14"]
[SourceQuality "1"]
[WhiteTeam "Bucuresti ASE"]
[BlackTeam "Arad Vados"]
[WhiteTeamCountry "ROU"]
[BlackTeamCountry "ROU"]

1. c4 e6 2. Nc3 d5 3. d4 Nf6 4. cxd5 exd5 5. Bg5 Bb4 6. Qb3 a5 7. a3 Bxc3+ 8. Qxc3 c6 9. e3 h6 10. Bh4 a4 11. Bd3 Be6 12. Qb4 Qa5 13. Bxf6 gxf6 14. Ne2 Rg8 15. g3 Kd7 16. Kd2 Kc7 17. Rhc1 Nd7 18. Nf4 Qxb4+ 19. axb4 Kd6 20. Ra3 b5 21. Rca1 Nb6 22. b3 Bg4 23. bxa4 Rxa4 24. Rxa4 bxa4 25. Kc3 Ra8 26. Bc2 Ke7 27. Ra2 Bc8 28. Nd3 Bf5 29. Bd1 Bxd3 30. Kxd3 f5 31. Kc3 Ke6 32. Be2 Nc8 33. Rc2 Nd6 34. Kb2 Kd7 35. Ka3 Ne4 36. Bd3 h5 37. h4 Kd6 38. Bxe4 fxe4 39. Rc5 f5 40. Ra5 Rg8 41. Kxa4 f4 42. exf4 e3 43. fxe3 Rxg3 44. Ra6 Kd7 45. b5 cxb5+ 46. Kxb5 Rxe3 47. Kc5 Rh3 48. Kxd5 Rxh4 49. Ra7+ Ke8 50. Ke6 Kf8 51. d5 Rxf4 52. Ra8+ Kg7 53. d6 Rf6+ 54. Kd5 Rf7 55. Kc6 Kg6 56. Ra5 h4 57. d7 Rf8 58. Kc7 h3 59. d8Q Rxd8 60. Kxd8 1-0

[Event "Olympiad-45"]
[Site "Budapest"]
[Date "2024.09.11"]
[Round "1.18"]
[White "Lupulescu, Constantin"]
[Black "Mirulla, David"]
[Result "1-0"]
[WhiteElo "2590"]
[BlackElo "1904"]
[PlyCount "47"]
[EventDate "2024.09.11"]
[EventType "team-swiss"]
[EventRounds "11"]
[EventCountry "HUN"]
[SourceTitle "EXT 2025"]
[Source "ChessBase"]
[SourceDate "2024.10.14"]
[SourceVersion "1"]
[SourceVersionDate "2024.10.14"]
[SourceQuality "1"]
[WhiteTeam "Romania"]
[BlackTeam "Kap Verde"]
[WhiteTeamCountry "ROU"]
[BlackTeamCountry "KAP"]

1. d4 Nf6 2. c4 g6 3. Nc3 Bg7 4. e4 d6 5. Be2 0-0 6. Be3 Nc6 7. d5 Ne5 8. f4 Neg4 9. Bd2 h5 10. h3 Nh6 11. Nf3 e6 12. 0-0 Qe7 13. Qc2 Re8 14. Rae1 Nd7 15. Qc1 f5 16. dxe6 Nb6 17. Nd5 Qd8 18. e7 Qd7 19. e5 Nxd5 20. cxd5 dxe5 21. fxe5 Kh7 22. Ng5+ Kh8 23. Ne6 Nf7 24. Nxg7 1-0